LEADER 02028njm a2200553 a 4500
001 000543695
003 CZ BrMZK
005 20210413102524.0
008 000105s1999 xr f cze d
028 0 3 |a HMP 0692 P  |b Happy Music Production 
040 |a BOA001  |b cze 
080 |a 784.087.2  |2 MRF 
100 1 |a Koutný, Luděk,  |d 1967- 
245 1 0 |a Caro mio ben  |h [zvukový záznam] /  |c Luděk Koutný, Jindřich Fritsch. 
246 3 3 |a Aria 
246 3 3 |a Ave Maria 
246 3 3 |a Ave verum 
246 3 3 |a Caro mio ben 
246 3 3 |a Largo 
246 3 3 |a O Cessate di pigarmi 
246 3 3 |a Plaisire d'amour 
246 3 3 |a Traumerei 
246 3 3 |a Vánoční noc 
246 3 3 |a Vánoční rosička 
246 3 3 |a Adeste fidelis 
246 3 3 |a Air 
246 3 3 |a Amarilli 
260 |a Praha :  |b Happy Music Production,  |c p1999 
300 |a 1 CD ;  |c 12 cm +  |e 1 složený list. 
500 |a Durata neuv 
500 |a Nahr. 1999 
505 2 |a Caro mio ben, Aria, Armarilli ... [et al.] 
653 0 |a housle  |a koncertní písně  |a populární písně  |a vánočnípísně  |a zpěv 
700 1 |a Caccini, Giulio,  |d asi 1550-1618  |7 jn20030827041  |4 cmp 
700 1 |a Giordani, Giuseppe,  |d 1751-1798  |7 xx0013440 
700 1 |a Gounod, Charles,  |d 1818-1893  |7 jn19990002796 
700 1 |a Händel, Georg Friedrich,  |d 1685-1759  |7 jn19990003280 
700 1 |a Martini, Johann Paul Aegidius,  |d 1741-1816  |7 xx0024682 
700 1 |a Michna z Otradovic, Adam Václav,  |d 1600-1676  |7 jk01081495 
700 1 |a Mozart, Wolfgang Amadeus,  |d 1756-1791  |7 jn19990005867 
700 1 |a Scarlatti, Alessandro,  |d 1660-1725  |7 jn20000604811 
700 1 |a Schubert, Franz,  |d 1797-1828  |7 jn19990007813  |4 hnr 
700 1 |a Schumann, Robert,  |d 1810-1856  |7 jn19990007863 
700 1 |a Fritsch, Jindřich,  |d 1967- 
700 1 |a Bach, Johann Sebastian,  |d 1685-1750  |7 jn19990000367 
910 |a BOA001  |b CD-0009.128 
964 |a Zpěv a housle  |x CD 
990 |a AV 
996 6 |b 261H009824  |c CD-0009.128  |l MZK  |r Sklad / do 24 hodin  |n 1  |p p.v.  |w 000543695  |u 000010  |a 1  |e BOA001  |j MZK50  |s P